Economic geography of India / (Record no. 151627)

MARC details
000 -LEADER
fixed length control field 00721nam a22001937a 4500
005 - DATE AND TIME OF LATEST TRANSACTION
control field 20180420140819.0
010 ## - LCCN (DPL NO)
LC control number B-691487-488
020 ## - INTERNATIONAL STANDARD BOOK NUMBER
Terms of availability 1100.00
International Standard Book Number 9789382209058
035 ## - SYSTEM CONTROL NUMBER
System control number B-691487-488
037 ## - SOURCE OF ACQUISITION
Source of stock number/acquisition R.K.Books
082 ## - DEWEY DECIMAL CLASSIFICATION NUMBER
Classification number 330.954
100 ## - MAIN ENTRY--PERSONAL NAME
Personal name Sharma, T. C.
245 ## - TITLE STATEMENT
Title Economic geography of India /
Statement of responsibility, etc by T C Sharma
260 ## - PUBLICATION, DISTRIBUTION, ETC. (IMPRINT)
Place of publication, distribution, etc Delhi
Name of publisher, distributor, etc Rawat Publications
Date of publication, distribution, etc 2017
270 ## - ADDRESS
Address 23, Ansari Road, Darya Gnaj,
City New Delhi
Postal code 110002
300 ## - PHYSICAL DESCRIPTION
Extent xv, 742 pages : maps
Dimensions 25 cm(Hb)
942 ## - ADDED ENTRY ELEMENTS (KOHA)
Source of classification or shelving scheme Dewey Decimal Classification
Item type English Books
Call number suffix SHA
Classification part 330.954
Holdings
Withdrawn status Lost status Not for loan Collection code Home library Current library Date acquired Source of acquisition Cost, normal purchase price Full call number Barcode Copy number Cost, replacement price Koha item type
      Non-fiction Bawana Bawana 20/04/2018 R.K.Books IN4122/17-18/26.03.2018/897/23.03.2018/27.03.2018 1100.00 330.954 SHA B-691488 1 1100.00 English Books
      Non-fiction Narela Narela 20/04/2018 R.K.Books IN4122/17-18/26.03.2018/897/23.03.2018/27.03.2018 1100.00 330.954 SHA B-691487 1 1100.00 English Books

© Delhi Public Library
Hit Counter
free hit counter